Statistics for World Cup Losers

Click here to take the quiz!

General Stats

  • This quiz has been taken 832 times
  • The average score is 15 of 20

Answer Stats

Year Winners Runners up % Correct
2010SpainNetherlands
90%
2006ItalyFrance
89%
1998FranceBrazil
88%
2002BrazilGermany
87%
1994BrazilItaly
84%
1990West GermanyArgentina
81%
1930UruguayArgentina
80%
1950UruguayBrazil
78%
1978ArgentinaNetherlands
76%
1974West GermanyNetherlands
76%
1966EnglandWest Germany
76%
1986ArgentinaWest Germany
75%
1970BrazilItaly
73%
1958BrazilSweden
73%
1982ItalyWest Germany
72%
1954West GermanyHungary
68%
2014GermanyArgentina
60%
1938ItalyHungary
56%
1934ItalyCzechoslovakia
54%
1962BrazilCzechoslovakia
52%

Score Distribution

Percentile by Number Answered

Percent of People with Each Score

Your Score History

You have not taken this quiz